[Event "9th Mayors Cup Open 2016"]
[Site "Mumbai IND"]
[Date "2016.06.07"]
[EventDate "?"]
[Round "8.22"]
[Result "0-1"]
[White "D Gukesh"]
[Black "AL Muthaiah"]
[WhiteElo "2056"]
[BlackElo "2308"]
[PlyCount "72"]

1. e4 d6 2. Nf3 c5 3. d4 cxd4 4. Nxd4 Nf6 5. Nc3 a6 6. g3 e5 7. Nde2 Be7 8. Bg2 O-O 9. O-O b5 10. Bg5 Nbd7 11. Nd5 Nxd5 12. Qxd5 Nb6 13. Bxe7 Qxe7 14. Qd3 Na4 15. b3 Nc5 16. Qe3 Bb7 17. Rfd1 Rac8 18. Rac1 Rfd8 19. c3 h6 20. Rc2 Qc7 21. Rcd2 Ra8 22. Nc1 a5 23. Nd3 Ne6 24. Rc1 Ra6 25. Rdc2 Rc6 26. Ne1 Qb6 27. Qd2 Rc7 28. h3 Bc6 29. Nd3 Rdc8 30. Nb2 Bb7 31. Nd1 Nc5 32. Qe3 Qc6 33. f3 Ne6 34. Bf1 Rd8 35. Qd3 Qb6+ 36. Kg2 d5 0-1

[Event "2nd IIFL Wealth Mumbai Op"]
[Site "Mumbai IND"]
[Date "2016.12.27"]
[EventDate "2016.12.26"]
[Round "2.6"]
[Result "1/2-1/2"]
[White "D Gukesh"]
[Black "Adam Horvath"]
[WhiteElo "2236"]
[BlackElo "2501"]
[PlyCount "97"]

1. e4 c5 2. Nf3 e6 3. g3 Nc6 4. Bg2 Nf6 5. Nc3 a6 6. O-O d6
7. d4 cxd4 8. Nxd4 Bd7 9. Nxc6 Bxc6 10. Bf4 Qb6 11. e5 Bxg2
12. Kxg2 dxe5 13. Bxe5 Nd7 14. Bd4 Qc6+ 15. Qf3 Qxf3+ 16. Kxf3
f6 17. Rfe1 Kf7 18. Rad1 Be7 19. Ne4 f5 20. Nd2 Rac8 21. Nb3
Rhd8 22. Bc3 b5 23. a3 Nb6 24. Rxd8 Bxd8 25. Nd4 Bf6 26. Nxe6
Bxc3 27. bxc3 Rxc3+ 28. Kg2 Rxc2 29. Ng5+ Kg6 30. Re6+ Kxg5
31. Rxb6 Ra2 32. Rxa6 b4 33. a4 f4 34. a5 Ra3 35. gxf4+ Kxf4
36. Rb6 b3 37. a6 h5 38. Rb4+ Kf5 39. a7 Rxa7 40. Rxb3 Ra4
41. h3 Re4 42. Ra3 Rd4 43. Ra5+ Kg6 44. Rb5 Rd3 45. Ra5 Rc3
46. Rb5 Rd3 47. Ra5 Rc3 48. Rb5 Rd3 49. Ra5 1/2-1/2

[Event "Dubai Open"]
[Site "Dubai UAE"]
[Date "2017.04.04"]
[EventDate "2017.04.03"]
[Round "2.34"]
[Result "0-1"]
[White "Athanasios Mastrovasilis"]
[Black "D Gukesh"]
[WhiteElo "2524"]
[BlackElo "2260"]
[PlyCount "72"]

1. Nf3 d5 2. g3 Nf6 3. Bg2 e6 4. O-O b5 5. d3 Bb7 6. c4 bxc4
7. dxc4 Nbd7 8. cxd5 exd5 9. Nc3 Be7 10. Nh4 Nb6 11. Nf5 O-O
12. a4 a5 13. Bf4 Bb4 14. Nb5 Ne8 15. e4 c6 16. Nc3 Ba6
17. Re1 Nc4 18. exd5 Nxb2 19. Qd4 c5 20. Qd2 Nd3 21. d6 Nxf4
22. gxf4 Qf6 23. Re5 Rd8 24. Rd1 Nxd6 25. Nxd6 c4 26. Qc1 Rxd6
27. Nd5 Qd8 28. f5 f6 29. Re6 Kh8 30. Rd4 c3 31. Bf3 Bb7
32. Rxd6 Qxd6 33. Qd1 Qc5 34. Be4 Rd8 35. Kg2 c2 36. Qh5 Qxd4
0-1

[Event "Dubai Open"]
[Site "Dubai UAE"]
[Date "2017.04.05"]
[EventDate "2017.04.03"]
[Round "3.19"]
[Result "0-1"]
[White "D Gukesh"]
[Black "Jaime Santos Latasa"]
[WhiteElo "2260"]
[BlackElo "2565"]
[PlyCount "114"]

1. e4 e5 2. Nf3 Nc6 3. d4 exd4 4. Nxd4 Bc5 5. Nxc6 bxc6 6. Nc3
Nf6 7. Bg5 h6 8. Bh4 d6 9. Bd3 Bb6 10. O-O g5 11. Bg3 h5
12. h3 h4 13. Bh2 g4 14. e5 g3 15. exf6 Qxf6 16. Kh1 gxh2
17. Na4 Be6 18. Nxb6 axb6 19. c3 Kf8 20. Be4 d5 21. Bf3 b5
22. Kxh2 Rg8 23. Qd2 Ra4 24. b4 Ra3 25. Rac1 Ke7 26. Rfe1 Qg5
27. Qd4 Rxa2 28. Qc5+ Kd7 29. c4 Qf4+ 30. Kh1 bxc4 31. b5 Qd6
32. bxc6+ Qxc6 33. Qxc6+ Kxc6 34. Rxc4+ Kd6 35. Rxh4 Rxf2
36. Ra4 Rc2 37. h4 Rh8 38. Kh2 Rc4 39. Rxc4 dxc4 40. h5 Bd5
41. Rd1 c6 42. g4 Kc5 43. Kg3 c3 44. Kf4 Kc4 45. Bxd5+ cxd5
46. Ke5 Rg8 47. Rd4+ Kb3 48. Rd3 Rxg4 49. Kxd5 Rh4 50. h6 Rxh6
51. Rf3 Rh5+ 52. Kd4 Rh4+ 53. Kd5 Kb2 54. Rxf7 c2 55. Rb7+ Kc3
56. Rc7+ Kd3 57. Rc6 Rh5+ 0-1

[Event "Dubai Open"]
[Site "Dubai UAE"]
[Date "2017.04.06"]
[EventDate "2017.04.03"]
[Round "4.33"]
[Result "1-0"]
[White "N R Visakh"]
[Black "D Gukesh"]
[WhiteElo "2464"]
[BlackElo "2260"]
[PlyCount "99"]

1. e4 c5 2. Nf3 Nc6 3. d4 cxd4 4. Nxd4 g6 5. c4 Bg7 6. Be3 Nf6
7. Nc3 O-O 8. Be2 d6 9. O-O Bd7 10. Qd2 Nxd4 11. Bxd4 Bc6
12. f3 a5 13. b3 Nd7 14. Be3 Nc5 15. Rac1 Qb6 16. Nb5 Rfd8
17. Kh1 Rd7 18. Rfd1 Qd8 19. Nd4 Bxd4 20. Bxd4 e5 21. Bb2 Qh4
22. Qe3 Ne6 23. Rd2 Rad8 24. Bc3 f5 25. exf5 gxf5 26. Bxa5 Ra8
27. Bc3 f4 28. Qg1 Kf7 29. b4 b5 30. cxb5 Bb7 31. Bxe5 Rg8
32. Rxd6 Re7 33. Bc4 Bxf3 34. Rxe6 Rxg2 35. Rxe7+ Kf8 36. Rf7+
Ke8 37. Rf8+ Kxf8 38. Qc5+ Ke8 39. Qc8+ Qd8 40. Bf7+ Kxf7
41. Rc7+ Qxc7 42. Qxc7+ Ke8 43. Qc8+ Ke7 44. Bf6+ Kd6 45. Qc5+
Ke6 46. Qe5+ Kd7 47. Qe7+ Kc8 48. Qe8+ Kc7 49. Be5+ Kb7
50. Qb8# 1-0

[Event "Dubai Open"]
[Site "Dubai UAE"]
[Date "2017.04.08"]
[EventDate "2017.04.03"]
[Round "6.33"]
[Result "1-0"]
[White "Rameshbabu Praggnanandhaa"]
[Black "D Gukesh"]
[WhiteElo "2447"]
[BlackElo "2260"]
[PlyCount "91"]

1. e4 c5 2. Nf3 Nc6 3. d4 cxd4 4. Nxd4 g6 5. c4 Bg7 6. Be3 Nf6
7. Nc3 O-O 8. Be2 d6 9. O-O Bd7 10. Qd2 Nxd4 11. Bxd4 Bc6
12. f3 a5 13. b3 Nd7 14. Be3 Nc5 15. Rab1 e6 16. Rfd1 Be5
17. Qe1 Qe7 18. Bf1 f5 19. exf5 exf5 20. Nd5 Bxd5 21. Rxd5
Rfe8 22. Bf2 Qg5 23. Qd2 Bf4 24. Qc3 Qh5 25. Bg3 Bxg3 26. hxg3
Qg5 27. Rxd6 Qxg3 28. Qd2 Qe5 29. Rd1 Ne6 30. Re1 Qc5+ 31. Kh1
Nc7 32. Rd1 Ne6 33. Qd5 Qe3 34. g3 Rad8 35. c5 Kh8 36. Rxe6
Qh6+ 37. Kg2 Rxd5 38. Rxe8+ Kg7 39. Rxd5 Qc1 40. Bc4 Qb2+
41. Re2 Qa3 42. f4 a4 43. Rd7+ Kh6 44. Bg8 g5 45. Rxh7+ Kg6
46. Re6# 1-0

[Event "Dubai Open"]
[Site "Dubai UAE"]
[Date "2017.04.10"]
[EventDate "2017.04.03"]
[Round "8.37"]
[Result "1-0"]
[White "Vugar Asadli"]
[Black "D Gukesh"]
[WhiteElo "2431"]
[BlackElo "2260"]
[PlyCount "117"]

1. Nf3 d5 2. g3 Nf6 3. Bg2 e6 4. O-O b5 5. d3 Bb7 6. c4 a6
7. cxd5 Nxd5 8. Nbd2 Be7 9. Nb3 c5 10. Bd2 Nc6 11. Rc1 Qb6
12. e4 Ndb4 13. Be3 Nxa2 14. Nxc5 Nxc1 15. Nxe6 Qa5 16. Nxg7+
Kf8 17. Bh6 Na2 18. d4 Rg8 19. Nf5+ Ke8 20. d5 Rd8 21. Qe2 Nb8
22. Ra1 Nd7 23. N3d4 Ne5 24. Nxe7 Kxe7 25. Qh5 f6 26. Qf5 Bc8
27. Qxh7+ Kd6 28. Bf4 Bd7 29. Nf5+ Bxf5 30. Qxf5 Rgf8 31. Qe6+
Kc7 32. Rxa2 Qb6 33. Qe7+ Kb8 34. Be3 Qb7 35. Bc5 Nd7 36. Qd6+
Qc7 37. Qxc7+ Kxc7 38. Bxf8 Rxf8 39. Rxa6 Ne5 40. f4 Nd3
41. Bf1 Nxb2 42. Bxb5 Rb8 43. Be2 Rb4 44. Rxf6 Rxe4 45. d6+
Kd8 46. Bb5 Kc8 47. Rf8+ Kb7 48. d7 Rd4 49. d8=Q Rxd8 50. Rxd8
Kb6 51. Rd5 Kc7 52. f5 Kb6 53. f6 Nd1 54. Rxd1 Kxb5 55. f7 Kc6
56. f8=Q Kb7 57. Rd6 Ka7 58. Qg7+ Kb8 59. Rd8# 1-0

[Event "21st Voronezh Master Open"]
[Site "Voronezh RUS"]
[Date "2017.06.12"]
[EventDate "2017.06.12"]
[Round "1.2"]
[Result "1/2-1/2"]
[White "D Gukesh"]
[Black "Dmitry Kokarev"]
[WhiteElo "2332"]
[BlackElo "2640"]
[PlyCount "104"]

1. Nf3 c5 2. g3 g6 3. Bg2 Bg7 4. d4 cxd4 5. Nxd4 Nc6 6. Nb3
Nf6 7. e4 O-O 8. Nc3 Rb8 9. a4 b6 10. O-O d6 11. h3 Nd7
12. Be3 Bb7 13. Nd4 Rc8 14. Nxc6 Rxc6 15. Bd4 Bxd4 16. Qxd4
Re8 17. a5 Qb8 18. Rfc1 Rc5 19. b4 Rcc8 20. Nd5 e5 21. Qd2
bxa5 22. Rxa5 Bxd5 23. exd5 Nb6 24. Bf1 Nc4 25. Bxc4 Rxc4
26. c3 Rec8 27. Qe3 Qb7 28. Qxa7 Qxa7 29. Rxa7 Rxb4 30. Ra6
Rbc4 31. Rxd6 Rxc3 32. Rxc3 Rxc3 33. Rd8+ Kg7 34. d6 Rd3
35. d7 f6 36. Kf1 h5 37. Ke2 Rd6 38. h4 Kf7 39. Ke3 Ke6
40. Rg8 Rxd7 41. Rxg6 Rh7 42. Rg8 Kf5 43. Ra8 Rb7 44. Ra4 Rb3+
45. Ke2 e4 46. Rc4 Ra3 47. Rb4 Ra2+ 48. Ke3 Ra3+ 49. Ke2 Ra2+
50. Ke3 Ra3+ 51. Ke2 Ra2+ 52. Ke3 Ke5 1/2-1/2

[Event "Abu Dhabi Masters"]
[Site "Abu Dhabi UAE"]
[Date "2017.08.14"]
[EventDate "2017.08.14"]
[Round "1.2"]
[Result "1/2-1/2"]
[White "D Gukesh"]
[Black "Bassem Amin"]
[WhiteElo "2365"]
[BlackElo "2680"]
[PlyCount "81"]

1. Nf3 Nf6 2. g3 g6 3. Bg2 Bg7 4. O-O O-O 5. d4 d6 6. c4 Nbd7
7. Nc3 e5 8. e4 exd4 9. Nxd4 Re8 10. h3 a6 11. Re1 Rb8 12. Be3
Ne5 13. Bf1 c5 14. Nf3 Nxf3+ 15. Qxf3 Nd7 16. Rad1 Ne5 17. Qg2
Be6 18. Bxc5 Qf6 19. Bxd6 Nf3+ 20. Kh1 Nxe1 21. e5 Qf5
22. Rxe1 Rbd8 23. c5 Bd7 24. g4 Qc2 25. f3 Qxg2+ 26. Bxg2 f6
27. f4 fxe5 28. fxe5 Bc6 29. Nd5 Bxe5 30. Ne7+ Rxe7 31. Bxe7
Bxg2+ 32. Kxg2 Rd2+ 33. Kf3 Bxb2 34. Bd6 Bf6 35. Rb1 Bb2
36. Ke3 Rg2 37. Kf3 Rc2 38. Re1 Bf6 39. Rb1 Bb2 40. Re1 Bf6
41. Rb1 1/2-1/2

[Event "Abu Dhabi Masters"]
[Site "Abu Dhabi UAE"]
[Date "2017.08.15"]
[EventDate "2017.08.14"]
[Round "2.31"]
[Result "1-0"]
[White "Valery Sviridov"]
[Black "D Gukesh"]
[WhiteElo "2519"]
[BlackElo "2365"]
[PlyCount "103"]

1. Nf3 d5 2. g3 Nf6 3. Bg2 b5 4. O-O e6 5. d3 Bb7 6. e4 dxe4
7. Nfd2 Qc8 8. Nxe4 Nbd7 9. a4 Nxe4 10. dxe4 b4 11. b3 Be7
12. Bb2 Bf6 13. Bxf6 Nxf6 14. Nd2 O-O 15. Re1 Rd8 16. e5 Nd5
17. Qg4 a5 18. Ne4 Ne7 19. Nf6+ Kh8 20. Nxh7 Kxh7 21. Qh4+ Kg8
22. Qxe7 Bxg2 23. Kxg2 Qb7+ 24. Kg1 Qc6 25. Re2 Qf3 26. Rae1
Rd4 27. Qxc7 Rad8 28. Re3 Qf5 29. Kg2 R8d7 30. Qxa5 Qxc2
31. Qa8+ Rd8 32. Qf3 R8d5 33. Re4 Rd3 34. Qf4 Qc6 35. Kh3 Rxb3
36. Rxb4 Rxb4 37. Qxb4 Rd8 38. Qe4 Qc3 39. Kg2 Rd5 40. Re2 Qb3
41. Rc2 Qb8 42. Re2 Qa7 43. Rb2 Qc7 44. Rb5 Rd2 45. Rb7 Qc8
46. Qf3 Qe8 47. a5 Ra2 48. Ra7 Rb2 49. Ra8 Rb8 50. Rxb8 Qxb8
51. a6 Qa7 52. Qb7 1-0

[Event "Abu Dhabi Masters"]
[Site "Abu Dhabi UAE"]
[Date "2017.08.16"]
[EventDate "2017.08.14"]
[Round "3.47"]
[Result "1-0"]
[White "D Gukesh"]
[Black "Mobina Alinasab"]
[WhiteElo "2365"]
[BlackElo "2208"]
[PlyCount "91"]

1. Nf3 Nf6 2. g3 b6 3. Bg2 Bb7 4. c4 e6 5. O-O c5 6. Nc3 a6
7. Re1 Qc7 8. e4 d6 9. b3 Be7 10. Bb2 O-O 11. d4 cxd4 12. Nxd4
Nc6 13. Rc1 Nxd4 14. Qxd4 Rab8 15. Red1 Rfd8 16. Rd2 Bf8
17. Ba3 Rd7 18. h3 d5 19. Bxf8 e5 20. Qd3 dxc4 21. Qxd7 Nxd7
22. Bd6 Qc8 23. Bxb8 Nxb8 24. Nd5 Qd8 25. Rxc4 Nc6 26. Rdc2 g6
27. Rxc6 Bxc6 28. Rxc6 Kg7 29. Rxb6 Qc8 30. a4 a5 31. b4 Qc1+
32. Bf1 axb4 33. Rxb4 Qa3 34. Kg2 h5 35. h4 Qa1 36. Bb5 Qa2
37. Ne3 Qd2 38. Rc4 Qe1 39. Bc6 Qa5 40. Bd5 Qb6 41. Rc6 Qa7
42. Nc4 Qxa4 43. Nxe5 g5 44. hxg5 h4 45. gxh4 Qd4 46. Nf3 1-0

[Event "Abu Dhabi Masters"]
[Site "Abu Dhabi UAE"]
[Date "2017.08.17"]
[EventDate "2017.08.14"]
[Round "4.30"]
[Result "1-0"]
[White "Anh Khoi Nguyen"]
[Black "D Gukesh"]
[WhiteElo "2444"]
[BlackElo "2365"]
[PlyCount "87"]

1. d4 d5 2. c4 e6 3. Nf3 Nf6 4. g3 Be7 5. Bg2 O-O 6. O-O dxc4
7. Qc2 a6 8. a4 Bd7 9. Qxc4 Bc6 10. Bf4 a5 11. Nc3 Na6
12. Rac1 Nb4 13. Ne5 Bxg2 14. Kxg2 Nfd5 15. Nxd5 Nxd5 16. Bd2
c6 17. Rfd1 Nb4 18. e4 Bd6 19. Qe2 f5 20. Nc4 fxe4 21. Qxe4
Re8 22. Bg5 Qc7 23. Re1 Nd5 24. Re2 b5 25. Nxd6 Qxd6 26. Rec2
bxa4 27. Rxc6 Qd7 28. R6c5 Qb7 29. Rc7 Qxc7 30. Rxc7 Nxc7
31. Bf4 Nd5 32. Be5 Ra7 33. Qc2 Rf7 34. Qc6 Nc7 35. d5 exd5
36. Bxc7 Rc8 37. Qxd5 h6 38. Be5 Rc2 39. Bd4 Rd2 40. h4 h5
41. Kf1 Rc2 42. Qxh5 Rc4 43. Qd5 Rb4 44. g4 1-0

[Event "Abu Dhabi Masters"]
[Site "Abu Dhabi UAE"]
[Date "2017.08.19"]
[EventDate "2017.08.14"]
[Round "5.42"]
[Result "0-1"]
[White "D Gukesh"]
[Black "Gaurav Kumar"]
[WhiteElo "2365"]
[BlackElo "2210"]
[PlyCount "56"]

1. Nf3 d5 2. g3 Bg4 3. Bg2 Nd7 4. O-O c6 5. d3 Ngf6 6. Nbd2 e5
7. h3 Bh5 8. g4 Bg6 9. Nh4 Bc5 10. e3 O-O 11. b3 h6 12. Nxg6
fxg6 13. c4 Qe7 14. a3 Rf7 15. b4 Bb6 16. cxd5 Nxd5 17. Ne4
N7f6 18. Bb2 Raf8 19. Qe2 Nxe4 20. dxe4 Nf6 21. a4 Nh7 22. a5
Bc7 23. a6 Qh4 24. axb7 Ng5 25. Rxa7 Rf3 26. Ra8 Nxh3+
27. Bxh3 Rxh3 28. Rxf8+ Kxf8 0-1

[Event "Abu Dhabi Masters"]
[Site "Abu Dhabi UAE"]
[Date "2017.08.19"]
[EventDate "2017.08.14"]
[Round "6.48"]
[Result "1/2-1/2"]
[White "Maran K Senthil"]
[Black "D Gukesh"]
[WhiteElo "2124"]
[BlackElo "2365"]
[PlyCount "70"]

1. Nf3 d5 2. d4 Nf6 3. c4 e6 4. g3 Be7 5. Bg2 O-O 6. Qc2 c5
7. dxc5 Qa5+ 8. Bd2 Qxc5 9. Na3 Nc6 10. O-O Bd7 11. cxd5 Qxc2
12. Nxc2 Nxd5 13. Rfd1 Rac8 14. Ne3 Nb6 15. Bc3 Bc5 16. Nd4 f6
17. a4 Nxd4 18. Bxd4 Bxa4 19. Bxc5 Rxc5 20. Rd4 Bb5 21. Bxb7
Bxe2 22. Rxa7 Rc1+ 23. Kg2 Rc7 24. Rb4 Nc8 25. Ra5 Ne7 26. Ra8
Bd3 27. Rxf8+ Kxf8 28. Bf3 Rc1 29. h4 Nc6 30. Rb3 Ne5 31. Rb8+
Kf7 32. Rb7+ Kf8 33. Rb8+ Kf7 34. Rb7+ Kf8 35. Rb8+ Kf7
1/2-1/2

[Event "Abu Dhabi Masters"]
[Site "Abu Dhabi UAE"]
[Date "2017.08.20"]
[EventDate "2017.08.14"]
[Round "7.49"]
[Result "1/2-1/2"]
[White "D Gukesh"]
[Black "Semen Fadeev"]
[WhiteElo "2365"]
[BlackElo "2161"]
[PlyCount "70"]

1. Nf3 e6 2. g3 f5 3. Bg2 Nf6 4. c4 Be7 5. d4 O-O 6. O-O d6
7. b3 Ne4 8. Bb2 Bf6 9. e3 Nc6 10. Nfd2 Nxd2 11. Qxd2 Ne7
12. Nc3 c6 13. d5 exd5 14. cxd5 c5 15. Ne2 Ng6 16. Rad1 b6
17. Rfe1 Ba6 18. Nf4 Nxf4 19. exf4 Bc8 20. Be5 a6 21. Re3 Ra7
22. Bxf6 Qxf6 23. Rde1 b5 24. Qa5 Rd7 25. Re6 Qd8 26. Qd2 Rc7
27. R6e3 Bd7 28. Qe2 c4 29. bxc4 bxc4 30. Qb2 Re8 31. Rxe8+
Bxe8 32. Qb6 Bb5 33. a4 Bxa4 34. Qxa6 Be8 35. Rc1 c3 1/2-1/2

[Event "Abu Dhabi Masters"]
[Site "Abu Dhabi UAE"]
[Date "2017.08.21"]
[EventDate "2017.08.14"]
[Round "8.48"]
[Result "1/2-1/2"]
[White "P V Nandhidhaa"]
[Black "D Gukesh"]
[WhiteElo "2182"]
[BlackElo "2365"]
[PlyCount "112"]

1. e4 c5 2. Nf3 d6 3. d4 cxd4 4. Nxd4 Nf6 5. Nc3 a6 6. f3 e5
7. Nb3 Be6 8. Be3 Be7 9. Qd2 O-O 10. O-O-O Nbd7 11. g4 b5
12. g5 b4 13. Nd5 Nxd5 14. exd5 Bf5 15. Kb1 a5 16. h4 a4
17. Nc1 Qa5 18. Bd3 Bxd3 19. Qxd3 Nc5 20. Bxc5 Qxc5 21. Rhe1
f5 22. f4 e4 23. Qd4 Rfc8 24. Re2 Qb5 25. h5 b3 26. h6 Bf8
27. a3 Rc4 28. Qf2 e3 29. Qh2 bxc2+ 30. Rxc2 Rac8 31. Qe2 Qc5
32. Rxc4 Qxc4 33. Qxe3 Qc2+ 34. Ka1 Rb8 35. Qe2 Qxe2 36. Nxe2
gxh6 37. Nc3 hxg5 38. fxg5 Bg7 39. Nxa4 Ra8 40. Nc3 Bxc3
41. bxc3 Rxa3+ 42. Kb2 Ra4 43. Rf1 f4 44. Kc2 Kg7 45. Kd3 Kg6
46. Rh1 Kxg5 47. Rxh7 f3 48. Ke3 Rf4 49. Kf2 Kf6 50. Rh3 Ke5
51. Rxf3 Rxf3+ 52. Kxf3 Kxd5 53. Ke3 Kc4 54. Kd2 d5 55. Kc2 d4
56. cxd4 Kxd4 1/2-1/2

[Event "1st Puchong Friday IM Oct"]
[Site "Puchong MAS"]
[Date "2017.10.07"]
[EventDate "?"]
[Round "2.3"]
[Result "1-0"]
[White "D Gukesh"]
[Black "N Lokesh"]
[WhiteElo "2323"]
[BlackElo "2181"]
[PlyCount "84"]

1. Nf3 Nf6 2. g3 e6 3. Bg2 d5 4. O-O Be7 5. d3 O-O 6. Nbd2 c5 7. e4 Nc6 8. Re1 b5 9. e5 Nd7 10. Nf1 Bb7 11. h4 Qc7 12. Bf4 Rfc8 13. N1h2 Qd8 14. Ng4 a5 15. h5 h6 16. Qd2 Bf8 17. Ngh2 Be7 18. g4 Ra6 19. c3 a4 20. a3 b4 21. Qe3 d4 22. cxd4 Nxd4 23. Nxd4 cxd4 24. Qe2 Bxg2 25. Kxg2 bxa3 26. bxa3 Rc3 27. Nf3 Nc5 28. Red1 Rb6 29. Bd2 Rb2 30. Rab1 Ra2 31. Rb4 Nxd3 32. Rxd4 Qxd4 33. Nxd4 Nf4+ 34. Bxf4 Rxe2 35. Nxe2 Rxa3 36. Be3 Rb3 37. Rd7 Bb4 38. Nc1 Ra3 39. Kf3 Ra1 40. Nd3 Bc3 41. Rc7 Ba5 42. Rc5 1-0

[Event "1st Puchong Friday IM Oct"]
[Site "Puchong MAS"]
[Date "2017.10.07"]
[EventDate "?"]
[Round "1.2"]
[Result "0-1"]
[White "Dede Lioe"]
[Black "D Gukesh"]
[WhiteElo "2356"]
[BlackElo "2323"]
[PlyCount "98"]

1. c4 e5 2. Nc3 Nc6 3. g3 f5 4. Bg2 Nf6 5. e3 g6 6. d3 Bg7 7. Nge2 O-O 8. O-O d6 9. Rb1 a5 10. a3 Be6 11. Nd5 Ra7 12. Nec3 Ne8 13. b4 axb4 14. axb4 Nb8 15. b5 c6 16. Nb4 Qc8 17. Bd2 Nf6 18. Qe2 g5 19. f4 gxf4 20. gxf4 exf4 21. Rxf4 Ng4 22. h3 Ne5 23. Rf2 Ng6 24. Kh1 Ra3 25. Qe1 f4 26. Rf3 fxe3 27. Rxe3 Nf4 28. Nc2 Ra8 29. Qg3 Kh8 30. Bf1 cxb5 31. Nxb5 Qc6+ 32. Kh2 Ra2 33. Rc1 Nh5 34. Qe1 Qc5 35. Bg2 Be5+ 36. Kg1 Bg3 37. Bc3+ Kg8 38. Qe2 Bf2+ 39. Qxf2 Rxf2 40. Kxf2 Nf4 41. Nd4 Bf5 42. Rg1 Bg6 43. Be4 Nc6 44. Kf3 d5 45. Rg5 dxe4+ 46. Kxf4 Qd6+ 47. Kg4 Nxd4 48. Nxd4 Rg2+ 49. Kh4 Qf4+ 0-1

[Event "1st Puchong Friday IM Oct"]
[Site "Puchong MAS"]
[Date "2017.10.08"]
[EventDate "?"]
[Round "3.5"]
[Result "1/2-1/2"]
[White "D Gukesh"]
[Black "Gaurav Kumar"]
[WhiteElo "2323"]
[BlackElo "2274"]
[PlyCount "166"]

1. Nf3 d5 2. g3 Bg4 3. Bg2 Nd7 4. O-O c6 5. d3 e5 6. h3 Bh5 7. Qe1 Ngf6 8. e4 dxe4 9. dxe4 Bc5 10. a4 a5 11. Na3 O-O 12. Nh4 Re8 13. Nc4 Nf8 14. Bd2 b6 15. Nf5 Qc7 16. Be3 N6d7 17. Bxc5 Nxc5 18. Qc3 f6 19. b4 axb4 20. Qxb4 Nfd7 21. Rfb1 Ra6 22. Ra3 Rea8 23. Rba1 Bf7 24. Bf1 Be6 25. Ncd6 Ra5 26. Bc4 g6 27. Bxe6+ Nxe6 28. Ne7+ Kf8 29. Nec8 Rxc8 30. Nxc8+ Nec5 31. Nxb6 Qxb6 32. Qd2 Ra7 33. a5 Qb2 34. Qd6+ Kg7 35. Qxc6 Qxc2 36. a6 Qxe4 37. Qxe4 Nxe4 38. Rd1 Nb8 39. Rb1 Nxa6 40. Rba1 Nec5 41. Ra5 Rb7 42. Rxa6 Nxa6 43. Rxa6 f5 44. h4 e4 45. Kg2 Rb2 46. Kg1 Kh6 47. Ra7 Rc2 48. Rb7 Ra2 49. Rc7 Re2 50. Ra7 Rb2 51. Rc7 Rb1+ 52. Kg2 Ra1 53. Re7 Ra2 54. Re5 Kh5 55. Re7 Kh6 56. Kg1 Kh5 57. Rxh7+ Kg4 58. h5 gxh5 59. Kg2 Kg5 60. Kg1 Ra6 61. Kg2 Rh6 62. Ra7 h4 63. gxh4+ Kxh4 64. Kf1 Kg4 65. Ke2 Rh3 66. Rg7+ Kf4 67. Rf7 Rh1 68. Rf8 Rh2 69. Kf1 Rh1+ 70. Ke2 Ra1 71. Rf7 Ra2+ 72. Kf1 Ra6 73. Ke2 Ke5 74. Re7+ Re6 75. Rxe6+ Kxe6 76. f3 Ke5 77. Kf2 Kd4 78. fxe4 Kxe4 79. Ke2 f4 80. Kf2 f3 81. Kf1 Ke3 82. Ke1 f2+ 83. Kf1 Kf3 1/2-1/2

[Event "1st Puchong Friday IM Oct"]
[Site "Puchong MAS"]
[Date "2017.10.08"]
[EventDate "?"]
[Round "4.4"]
[Result "1-0"]
[White "D Gukesh"]
[Black "Neeraj Kumar Mishra"]
[WhiteElo "2323"]
[BlackElo "2301"]
[PlyCount "76"]

1. Nf3 Nf6 2. g3 b6 3. Bg2 Bb7 4. c4 c5 5. O-O e6 6. Nc3 Be7 7. Re1 O-O 8. e4 d6 9. d4 cxd4 10. Nxd4 Qc8 11. Be3 Nc6 12. Rc1 Nxd4 13. Bxd4 Rd8 14. Qe2 Rd7 15. f4 Ne8 16. Bf2 Bf6 17. g4 g5 18. f5 Re7 19. Be3 exf5 20. gxf5 Bxc3 21. Rxc3 f6 22. Bd4 Rf7 23. h4 gxh4 24. Qg4+ Rg7 25. Qxh4 Qd8 26. Be3 Kh8 27. Bh6 Rg8 28. Ree3 Qe7 29. Rg3 Qf7 30. Rxg8+ Kxg8 31. Rg3+ Kh8 32. b3 Rc8 33. Bf3 Qe7 34. Qg4 Qf7 35. Qh4 Qe7 36. Bh5 Qxe4 37. Qxe4 Bxe4 38. Bf7 1-0

[Event "1st Puchong Friday IM Oct"]
[Site "Puchong MAS"]
[Date "2017.10.09"]
[EventDate "?"]
[Round "5.3"]
[Result "1/2-1/2"]
[White "Nay Oo Kyaw Tun"]
[Black "D Gukesh"]
[WhiteElo "2344"]
[BlackElo "2323"]
[PlyCount "54"]

1. d4 d5 2. Nf3 Nf6 3. e3 c6 4. Bd3 Bg4 5. O-O Nbd7 6. Nbd2 e5 7. dxe5 Nxe5 8. Be2 Bd6 9. Nxe5 Bxe2 10. Qxe2 Bxe5 11. Nf3 Qe7 12. Rb1 O-O 13. Nxe5 Qxe5 14. b3 Ne4 15. Bb2 Qe6 16. Rbc1 Rad8 17. Rfd1 b5 18. Qd3 f6 19. Re1 Rd7 20. Rcd1 Rfd8 21. h3 a6 22. Qe2 c5 23. Qg4 Qxg4 24. hxg4 Kf7 25. f3 Ng5 26. Rd2 Ne6 27. Red1 1/2-1/2

[Event "1st Puchong Friday IM Oct"]
[Site "Puchong MAS"]
[Date "2017.10.09"]
[EventDate "?"]
[Round "6.4"]
[Result "1/2-1/2"]
[White "Hafizulhelmi Mas"]
[Black "D Gukesh"]
[WhiteElo "2318"]
[BlackElo "2323"]
[PlyCount "40"]

1. e4 c5 2. f4 Nc6 3. Nf3 g6 4. Bb5 Bg7 5. Bxc6 dxc6 6. d3 Bg4 7. h3 Bxf3 8. Qxf3 Nf6 9. Nc3 Nd7 10. O-O O-O 11. Kh1 Qc7 12. Be3 Rad8 13. Qf2 b6 14. Rae1 e6 15. e5 f6 16. exf6 Nxf6 17. Bc1 e5 18. g4 exf4 19. Bxf4 Qd7 20. Qg2 Nd5 1/2-1/2

[Event "1st Puchong Friday IM Oct"]
[Site "Puchong MAS"]
[Date "2017.10.10"]
[EventDate "?"]
[Round "8.5"]
[Result "1/2-1/2"]
[White "Sumant Subramaniam"]
[Black "D Gukesh"]
[WhiteElo "2172"]
[BlackElo "2323"]
[PlyCount "84"]

1. e4 c5 2. Nf3 d6 3. d4 cxd4 4. Nxd4 Nf6 5. Nc3 a6 6. Bg5 e6 7. f4 Qc7 8. Qf3 b5 9. O-O-O b4 10. Nd5 exd5 11. Bxf6 gxf6 12. exd5 Ra7 13. Bd3 Qc5 14. Bf5 Kd8 15. Rhe1 Rc7 16. Re2 Be7 17. Qh5 Bxf5 18. Nxf5 Qc4 19. Rd4 Qxa2 20. Qxf7 Qa1+ 21. Kd2 Qxb2 22. Rc4 Rf8 23. Qg7 Re8 24. Rxc7 Kxc7 25. Rxe7+ Rxe7 26. Qxe7+ Nd7 27. Qxd6+ Kd8 28. Qc6 b3 29. d6 Qxc2+ 30. Qxc2 bxc2 31. Kxc2 Nc5 32. Kc3 Kd7 33. Kc4 Nb7 34. Kb4 Nxd6 35. Ne3 Ne4 36. Ka5 Nc5 37. Kb6 Kd6 38. Ng4 Nd3 39. f5 Kd5 40. Nxf6+ Ke5 41. Nxh7 Kxf5 42. g3 Kg4 1/2-1/2

[Event "1st Puchong Friday IM Oct"]
[Site "Puchong MAS"]
[Date "2017.10.10"]
[EventDate "?"]
[Round "7.2"]
[Result "1-0"]
[White "D Gukesh"]
[Black "Ashvin Sivakumar"]
[WhiteElo "2323"]
[BlackElo "2309"]
[PlyCount "84"]

1. Nf3 Nf6 2. g3 g6 3. Bg2 Bg7 4. O-O O-O 5. d4 d6 6. c4 Nc6 7. Nc3 a6 8. e4 Bg4 9. Be3 Nd7 10. Ne2 Na5 11. Nd2 c5 12. f3 cxd4 13. Nxd4 e5 14. Nf5 Bxf5 15. exf5 Nf6 16. fxg6 hxg6 17. f4 exf4 18. Rxf4 Bh6 19. Qf3 Nc6 20. Rh4 Ne5 21. Qe2 Bxe3+ 22. Qxe3 Neg4 23. Qd4 Qe7 24. Rf1 Qe5 25. Qxe5 dxe5 26. h3 g5 27. Rxg4 Nxg4 28. hxg4 f6 29. Bxb7 Rab8 30. Bd5+ Kg7 31. b3 a5 32. Ne4 a4 33. Nc5 Rh8 34. Ne6+ Kg6 35. c5 axb3 36. axb3 Rb4 37. Bc4 Rc8 38. Rd1 f5 39. Rd6 fxg4 40. Nf8+ Kg7 41. Rg6+ Kh8 42. Rg8# 1-0

[Event "1st Puchong Friday IM Oct"]
[Site "Puchong MAS"]
[Date "2017.10.11"]
[EventDate "?"]
[Round "9.1"]
[Result "1-0"]
[White "D Gukesh"]
[Black "B Sekar"]
[WhiteElo "2323"]
[BlackElo "2260"]
[PlyCount "44"]

1. Nf3 Nf6 2. g3 d5 3. Bg2 e6 4. O-O Be7 5. d4 b5 6. a4 b4 7. c4 bxc3 8. Nxc3 Nbd7 9. Bf4 O-O 10. Nb5 Ne8 11. Rc1 Bd6 12. Ne5 Nb8 13. e4 Bxe5 14. Bxe5 c6 15. Nxa7 Rxa7 16. Bxb8 Rb7 17. Be5 Rxb2 18. Rxc6 Bb7 19. exd5 exd5 20. Rc5 Nf6 21. Qc1 Rb4 22. Qa3 1-0

[Event "14th Moscow Open A 2018"]
[Site "Moscow RUS"]
[Date "2018.01.27"]
[EventDate "?"]
[Round "1.80"]
[Result "1-0"]
[White "D Gukesh"]
[Black "Alexander Chumachenko"]
[WhiteElo "2354"]
[BlackElo "2067"]
[PlyCount "72"]

1. Nf3 Nf6 2. g3 b5 3. Bg2 Bb7 4. O-O e6 5. d3 c5 6. e4 d6 7. a4 a6 8. Na3 Be7 9. Be3 Qb6 10. b4 Ng4 11. bxc5 dxc5 12. Bg5 Nd7 13. Bxe7 Kxe7 14. Qd2 h6 15. Rab1 b4 16. Nc4 Qc7 17. a5 Rhd8 18. c3 bxc3 19. Qxc3 Kf8 20. Nb6 Rab8 21. Rfc1 Bc6 22. Nd2 Bb5 23. Nxd7+ Rxd7 24. d4 Rbd8 25. Nf3 c4 26. Bf1 Nf6 27. Qb4+ Kg8 28. Qe1 Qb7 29. Bxc4 Nxe4 30. Bxb5 axb5 31. Qe3 Nf6 32. Ne5 Rd6 33. Qb3 Rb8 34. Qb4 Qd5 35. Rc5 Qe4 36. Re1 Qb7 1-0